El caballo de madera ; La caja de pandora / (Registro nro. 9843)

Detalles MARC
000 -LEADER
fixed length control field 01088nam a22003737b 4500
001 - CONTROL NUMBER
control field 001282
003 - CONTROL NUMBER IDENTIFIER
control field DO-SdBNP
005 - DATE AND TIME OF LATEST TRANSACTION
control field 20180222114113.0
006 - FIXED-LENGTH DATA ELEMENTS--ADDITIONAL MATERIAL CHARACTERISTICS
fixed length control field 001282
008 - FIXED-LENGTH DATA ELEMENTS--GENERAL INFORMATION
fixed length control field 990702s 2002 sp | ||| ||spa
016 7# - NATIONAL BIBLIOGRAPHIC AGENCY CONTROL NUMBER
Record control number
Source BPMSU
017 ## - COPYRIGHT OR LEGAL DEPOSIT NUMBER
Copyright or legal deposit number
Assigning agency
020 ## - INTERNATIONAL STANDARD BOOK NUMBER
International Standard Book Number 8434864320
035 ## - SYSTEM CONTROL NUMBER
System control number
040 ## - CATALOGING SOURCE
Original cataloging agency BPMSU
Language of cataloging spa
Transcribing agency BPMSU
Description conventions
041 1# - LANGUAGE CODE
Language code of text/sound track or separate title spa
Language code of original
080 #0 - UNIVERSAL DECIMAL CLASSIFICATION NUMBER
Universal Decimal Classification number
100 1# - MAIN ENTRY--PERSONAL NAME
Personal name McCaughrean, Geraldine
240 14 - UNIFORM TITLE
Uniform title <a href="The wooden horse">The wooden horse</a>
Language of a work Español
245 13 - TITLE STATEMENT
Title El caballo de madera ; La caja de pandora /
Statement of responsibility, etc. Geraldine McCaughrean ; ilustrado por Tony Ross ; traducción del inglés, Paz Barroso
Medium
Remainder of title
246 13 - VARYING FORM OF TITLE
Title proper/short title La caja de pandora
250 ## - EDITION STATEMENT
Edition statement 3a. ed.
260 ## - PUBLICATION, DISTRIBUTION, ETC. (IMPRINT)
Place of publication, distribution, etc. Madrid :
Name of publisher, distributor, etc. SM,
Date of publication, distribution, etc. 2002.
300 ## - PHYSICAL DESCRIPTION
Extent 48 p. :
Other physical details il. ;
Dimensions 20 cm.
490 1# - SERIES STATEMENT
Series statement Mitos
650 #7 - SUBJECT ADDED ENTRY--TOPICAL TERM
Topical term or geographic name as entry element Mitología griega
Form subdivision Libros infantiles
Source of heading or term
700 12 - ADDED ENTRY--PERSONAL NAME
Personal name McCaughrean, Geraldine
Title of a work La caja de Pandora
700 12 - ADDED ENTRY--PERSONAL NAME
Personal name Ross,Tony
Relator term il.
740 31 - ADDED ENTRY--UNCONTROLLED RELATED/ANALYTICAL TITLE
Uncontrolled related/analytical title La caja de Pandora
830 #0 - SERIES ADDED ENTRY--UNIFORM TITLE
Uniform title Mitos
942 ## - ADDED ENTRY ELEMENTS (KOHA)
Source of classification or shelving scheme Dewey Decimal Classification
Koha item type Libros
945 ## - LOCAL PROCESSING INFORMATION (OCLC)
a Inventariado, 2018 /LP
956 ## - LOCAL ELECTRONIC LOCATION AND ACCESS (OCLC)
Host name VMATEO
Access method 10
Materials specified 20160420
Linkage BPMSU
Field link and sequence number 0069
Existencias
Withdrawn status Lost status Source of classification or shelving scheme Damaged status Not for loan Collection code Home library Current library Date acquired Source of acquisition Total Checkouts Barcode Date last seen Price effective from Koha item type
    Dewey Decimal Classification     Colección Infantil General Biblioteca Pública Metropolitana Salomé Ureña Biblioteca Pública Metropolitana Salomé Ureña 04/20/2016 Fundación Educativa y Cultural (FUNDI)   BPMSU16040558 04/20/2016 04/20/2016 Libros